[Event "AUS-ch U12"]
[Site "Adelaide"]
[Date "2009.01.09"]
[Round "8"]
[White "Sam, Ryan"]
[Black "Mason, Stuart"]
[Result "1-0"]
[WhiteElo "1600"]
[BlackElo "1068"]
[PlyCount "111"]
[EventDate "2009.01.02"]
[EventType "swiss"]
[EventRounds "11"]
[EventCountry "AUS"]
[SourceTitle "CBM 128 Extra"]
[Source "ChessBase"]
[SourceDate "2009.03.05"]
[SourceVersion "2"]
[SourceVersionDate "2009.03.25"]
[SourceQuality "1"]

1. e4 e6 2. d4 c5 3. Nf3 cxd4 4. Nxd4 Nc6 5. Nc3 a6 6. Be3 Nge7 7. Be2 Nxd4 8. Bxd4 Nc6 9. Be3 b5 10. Qd2 Bb7 11. 0-0 Be7 12. f4 0-0 13. Rad1 d6 14. Bf3 Rc8 15. Ne2 Qc7 16. c3 Na5 17. Bf2 Nc4 18. Qc2 Rfd8 19. Nd4 d5 20. exd5 Bxd5 21. Bxd5 Rxd5 22. Ne2 Rcd8 23. b3 Nb6 24. Nd4 Bc5 25. Qe4 Qd7 26. b4 Be7 27. Rde1 Nc4 28. Qe2 Bf6 29. Rc1 Qc7 30. Rcd1 Qxf4 31. Nxe6 fxe6 32. Qxe6+ Kh8 33. Rxd5 Rg8 34. Bd4 Bxd4+ 35. Rxd4 Qg5 36. Rdf4 Qd8 37. Qxa6 Qe8 38. a4 Nd2 39. Qxb5 Nxf1 40. Qxe8 Rxe8 41. Kxf1 h6 42. b5 g5 43. Rb4 Kg7 44. b6 Kf7 45. b7 Rb8 46. a5 Ke7 47. a6 Kd7 48. a7 Rf8+ 49. Kg1 Kc7 50. b8Q+ Rxb8 51. axb8Q+ Kc6 52. Qd8 Kc5 53. Qd4+ Kc6 54. Rb6+ Kc7 55. Qd6+ Kc8 56. Rb8# 1-0

[Event "AUS-ch U12"]
[Site "Adelaide"]
[Date "2009.01.08"]
[Round "7"]
[White "Derwent, Ethan"]
[Black "Sam, Ryan"]
[Result "0-1"]
[WhiteElo "943"]
[BlackElo "1600"]
[PlyCount "138"]
[EventDate "2009.01.02"]
[EventType "swiss"]
[EventRounds "11"]
[EventCountry "AUS"]
[SourceTitle "CBM 128 Extra"]
[Source "ChessBase"]
[SourceDate "2009.03.05"]
[SourceVersion "2"]
[SourceVersionDate "2009.03.25"]
[SourceQuality "1"]

1. d4 d5 2. c4 e6 3. Nf3 Nf6 4. Nc3 Be7 5. Bg5 0-0 6. e3 Ne4 7. Bxe7 Qxe7 8. cxd5 Nxc3 9. bxc3 exd5 10. Bd3 Bg4 11. 0-0 Nd7 12. Rb1 Nb6 13. Re1 f5 14. Qc2 Bxf3 15. gxf3 Qg5+ 16. Kh1 Qh5 17. f4 Qf3+ 18. Kg1 Qh3 19. Kh1 Rf6 20. Rg1 Raf8 21. Rg3 Qh5 22. Rbg1 Rg6 23. Rxg6 hxg6 24. Rg3 Kf7 25. Bf1 Qh4 26. c4 Qd8 27. cxd5 Nxd5 28. Qb3 b6 29. Bc4 c6 30. Rg5 b5 31. Bxd5+ Qxd5+ 32. Qxd5+ cxd5 33. Rg1 Rc8 34. Rb1 a6 35. Rb2 Rc6 36. Kg2 Ke7 37. Kg3 Kd7 38. Kf3 Kc7 39. Ke2 Kb6 40. Kd3 Ka5 41. f3 b4 42. e4 dxe4+ 43. fxe4 Rc3+ 44. Kd2 fxe4 45. d5 Rd3+ 46. Ke2 Rxd5 47. Ke3 Rf5 48. Kxe4 Ka4 49. Rb3 a5 50. Rg3 Rf6 51. Rg5 Rc6 52. h4 Rd6 53. h5 gxh5 54. Rxg7 Rh6 55. f5 h4 56. Ke5 h3 57. Rg1 h2 58. Rh1 Ka3 59. f6 Rxf6 60. Kxf6 Kxa2 61. Rxh2+ Ka3 62. Rh5 a4 63. Ke5 b3 64. Rh3 Ka2 65. Kd4 b2 66. Rh2 Ka1 67. Rh3 b1Q 68. Ra3+ Kb2 69. Rxa4 Qd1+ 0-1

[Event "AUS-ch U12"]
[Site "Adelaide"]
[Date "2009.01.07"]
[Round "6"]
[White "Sam, Ryan"]
[Black "Cameron, Lachlan"]
[Result "1/2-1/2"]
[WhiteElo "1600"]
[BlackElo "759"]
[PlyCount "93"]
[EventDate "2009.01.02"]
[EventType "swiss"]
[EventRounds "11"]
[EventCountry "AUS"]
[SourceTitle "CBM 128 Extra"]
[Source "ChessBase"]
[SourceDate "2009.03.05"]
[SourceVersion "2"]
[SourceVersionDate "2009.03.25"]
[SourceQuality "1"]

1. e4 c5 2. Nf3 e6 3. d4 cxd4 4. Nxd4 Nf6 5. Nc3 Bb4 6. Bg5 Qc7 7. Bd2 Bxc3 8. Bxc3 Nxe4 9. Nb5 Qf4 10. Qd4 Nc6 11. Nd6+ Qxd6 12. Qxe4 f5 13. Qh4 0-0 14. Bd3 Ne5 15. 0-0-0 Ng6 16. Bb4 Nxh4 17. Bxd6 Rf7 18. g3 Nf3 19. h4 b6 20. Bf1 e5 21. Bc4 Bb7 22. Bxf7+ Kxf7 23. Rh3 Ke6 24. Ba3 Nd4 25. c4 Bf3 26. Rd2 Rc8 27. b3 d5 28. Bb2 Ne2+ 29. Kc2 b5 30. Rxe2 Bxe2 31. Kd2 Bg4 32. cxd5+ Kxd5 33. Rh1 g6 34. Re1 e4 35. Rc1 Rxc1 36. Bxc1 a5 37. Kc3 Be2 38. Kd2 Bf3 39. Ke3 Ke5 40. Bb2+ Kd5 41. Bc3 a4 42. bxa4 bxa4 43. a3 Kc4 44. Bb4 Kd5 45. Kd2 Kc4 46. Kc2 Bg4 47. Bd2 1/2-1/2

[Event "AUS-ch U12"]
[Site "Canberra"]
[Date "2007.01.24"]
[Round "9"]
[White "Karibasic, Sabin"]
[Black "Sam, Ryan"]
[Result "0-1"]
[WhiteElo "559"]
[BlackElo "1186"]
[PlyCount "80"]
[EventDate "2007.01.14"]
[EventType "swiss"]
[EventRounds "11"]
[EventCountry "AUS"]
[SourceTitle "EXT 2008"]
[Source "ChessBase"]
[SourceDate "2007.11.25"]
[SourceVersion "1"]
[SourceVersionDate "2007.11.25"]
[SourceQuality "1"]

1. e4 e5 2. Nf3 Nc6 3. d4 exd4 4. Bc4 Bc5 5. c3 dxc3 6. Nxc3 d6 7. Ng5 Ne5 8. Bb3 h6 9. f4 hxg5 10. fxe5 c6 11. Qf3 Nh6 12. h4 g4 13. Qf1 Qe7 14. Bg5 Qc7 15. 0-0-0 dxe5 16. Rd8+ Qxd8 17. Bxd8 Kxd8 18. Bxf7 Kc7 19. Qc4 Bd4 20. Be6 a6 21. Bxc8 Raxc8 22. Nd5+ Kb8 23. Ne7 Rc7 24. Nf5 Nxf5 25. exf5 Rd8 26. Rd1 Bxb2+ 27. Kc2 Bd4 28. Qe2 Rd5 29. Qxg4 Rc5+ 30. Kd2 Rb5 31. Ke1 Rb2 32. Kf1 Rf2+ 33. Ke1 Rxa2 34. Qf3 c5 35. Qb3 Rxg2 36. Rc1 Rh2 37. Qg8+ Ka7 38. Qd8 Rf7 39. Kd1 Rxf5 40. Rc2 Rf1# 0-1

[Event "AUS-ch U12"]
[Site "Canberra"]
[Date "2007.01.14"]
[Round "1"]
[White "Nguyen, Andrew"]
[Black "Sam, Ryan"]
[Result "0-1"]
[WhiteElo "333"]
[BlackElo "1186"]
[PlyCount "56"]
[EventDate "2007.01.14"]
[EventType "swiss"]
[EventRounds "11"]
[EventCountry "AUS"]
[SourceTitle "EXT 2008"]
[Source "ChessBase"]
[SourceDate "2007.11.25"]
[SourceVersion "1"]
[SourceVersionDate "2007.11.25"]
[SourceQuality "1"]

1. e4 e5 2. Nf3 Nc6 3. Nc3 Nf6 4. d3 Bc5 5. g3 d6 6. Bg2 Bg4 7. 0-0 Qd7 8. Bg5 h6 9. Bxf6 gxf6 10. Nd5 Qd8 11. Qd2 Nd4 12. Nxd4 Bxd4 13. Rab1 c6 14. Nc3 Be6 15. a3 Qc7 16. Ne2 Bb6 17. d4 0-0-0 18. d5 cxd5 19. exd5 Bf5 20. Rbc1 Kb8 21. h3 Rdg8 22. c3 Qc4 23. Bf3 Bxh3 24. Bg2 Bxg2 25. Kxg2 h5 26. Rh1 h4 27. Qc2 Qxd5+ 28. Kh3 hxg3+ 0-1